Logos de marques américaines de A à Z - Statistiques

Statistiques générales
  • Ce quiz a été pris 454 fois
  • Le résultat moyen est 20 sur 26
Statistiques - réponses
Par images Hint Réponse % Correct
A Apple
100%
F Ford
99%
G Google
99%
C Coca-Cola
98%
M McDonald's
98%
N Netflix
97%
Y YouTube
96%
S Starbucks
95%
H Heinz
94%
L LinkedIn
94%
P Paramount
93%
K Kellogg’s
92%
D Dell
88%
V Visa
88%
W Warner Bros
84%
Z Zoom
83%
U UPS
82%
E Eastpak
79%
O Old El Paso
69%
R Rockstar Games
63%
I IBM
53%
B Boeing
46%
Q Quaker Oats
34%
T Texas Instruments
32%
J Johnson & Johnson
20%
X Xerox
17%
Aucun quiz correspondant
Distribution des résultats
% des personnes avec chaque résultat
Percentile par nombre de réponses
Votre historique - résultats
Vous n’avez pas pris ce quiz